000 00455nam a22001457a 4500
003 macl
005 20180408160307.0
008 180408b xxu||||| |||| 00| 0 eng d
040 _cmacl
100 _aमुकेश अग्रवाल
_971887
245 _aभाषा लोक
260 _aनई दिल्‍ली
_bस्‍वराज प्रकाशन
_c2015
650 _aहिन्‍दी भाषा
_931565
942 _2ddc
_cHIN
999 _c57616
_d57616